Language Quiz

Random Language or Spanish Quiz

Los Ojos de Carmen Vocabulary Quiz Stats

 Plays Quiz not verified by Sporcle

Score 0/53 Timer 10:00
0 Plays Today
Spanish Word/Phrase English % Correct
el bizcochocookie
54.4%
la galletacookie
54.4%
abogadolawyer
43.9%
la fabricafactory
42.1%
el edificiobuilding
40.4%
sanduchesandwich
36.8%
debershould
36.8%
demonstrarto demonstrate
33.3%
fueraout
33.3%
bellezabeauty
33.3%
la paredwall
31.6%
segunaccording to
31.6%
ardillasquirrel
31.6%
torpezarto trip
29.8%
el saborflavor
28.1%
siglocentury
24.6%
incomodouncomfortable
24.6%
la maderawood
24.6%
demasiadatoo much
24.6%
la sombrashade
22.8%
hojaleaf
22.8%
amigablesfriendly
21.1%
comportamientobehavior
21.1%
la masadough
21.1%
golpehit
21.1%
aunstill, even
21.1%
la pobrezapoverty
21.1%
Spanish Word/Phrase English % Correct
la servidumbreservant
19.3%
las legumbresvegetables
17.5%
por ninguna partenowhere
17.5%
propuestaproposal
17.5%
perderseto lose oneself
15.8%
de vez en cuandoonce in a while
15.8%
paisajecountryside
15.8%
graciagrace
14%
ademasbesides
12.3%
la colchaquilt, bedspread
10.5%
demorardelay
10.5%
despedirse deto say goodbye to
10.5%
lejanodistant
10.5%
en cambioon the other hand
8.8%
meterseto get in
8.8%
recorrerto travel around, to tour
7%
a lo lejosfrom a distance
7%
desperdicioa waste
7%
una especia de suenoa kind of dream
5.3%
la tejatile
5.3%
acostumbrarseto be accustomed to
5.3%
se enorgulecianthey were proud
3.5%
en el fondodeep down
3.5%
como habiamos quedadoas we had agreed
3.5%
menos mal queits a good thing that
1.8%
asombrosurprised
1.8%

You're not logged in!

Compare scores with friends on all Sporcle quizzes.
OR
Log In

Show Comments

Extras

Top Quizzes Today


Score Distribution

Your Account Isn't Verified!

In order to create a playlist on Sporcle, you need to verify the email address you used during registration. Go to your Sporcle Settings to finish the process.

Report this User

Report this user for behavior that violates our Community Guidelines.

Details: